000 00615nam a22002057a 4500
005 20251108172702.0
008 250721s2002 xx 000 0 ara d
082 1 4 _a211/قيس
100 1 _aالقيسية، محمود أحمد
_eمؤلف
245 1 0 _aقطوف دانية من الكتاب والسنة /
264 1 _aأبو ظبي :
_bمؤسسة النداء،
_c2002.
300 _aج.2.
650 1 7 _aالثقافة الإسلامية
650 1 7 _aالفكر الإسلامي
650 1 7 _aالإسلام
650 1 7 _aالحديث
650 1 7 _aالقرآن
942 _2ddc
_cBK
999 _c85920
_d85920